Faculty of Law Library — Cairo University

Official Online Catalog

الجريمة الإرهابية : (Record no. 59756)

MARC details
000 -LEADER
fixed length control field 01219nam a2200325 i 4500
003 - CONTROL NUMBER IDENTIFIER
control field EG-GICUC
005 - DATE AND TIME OF LATEST TRANSACTION
control field 20260127183329.0
008 - FIXED-LENGTH DATA ELEMENTS--GENERAL INFORMATION
fixed length control field 260127s2012 ps ||||fr|||| 00| 0 ara d
040 ## - CATALOGING SOURCE
Original cataloging agency EG-GICUC
Language of cataloging ara
Transcribing agency EG-GICUC
Modifying agency EG-GICUC
Description conventions rda
041 0# - LANGUAGE CODE
Language code of text/sound track or separate title ara
082 04 - DEWEY DECIMAL CLASSIFICATION NUMBER
Classification number 343.431
Item number ك م . ج
Edition number 21
092 04 - LOCALLY ASSIGNED DEWEY CALL NUMBER (OCLC)
Edition number 21
099 ## - LOCAL FREE-TEXT CALL NUMBER (OCLC)
Classification number Law1 10 343.431 ك م . ج 1 ed - 2012 1006379
100 0# - MAIN ENTRY--PERSONAL NAME
Personal name كمال النيص.
Relator term مؤلف.
245 10 - TITLE STATEMENT
Title الجريمة الإرهابية :
Remainder of title دراسة مقارنة /
Statement of responsibility, etc. أ. كمال النيص.
250 ## - EDITION STATEMENT
Edition statement الطبعة الأولى،
264 #1 - PRODUCTION, PUBLICATION, DISTRIBUTION, MANUFACTURE, AND COPYRIGHT NOTICE
Place of production, publication, distribution, manufacture القدس :
Name of producer, publisher, distributor, manufacturer مكتبة دار الفكر،
Date of production, publication, distribution, manufacture, or copyright notice 2018.
300 ## - PHYSICAL DESCRIPTION
Extent 264 صفحة ؛
Dimensions 24 سم.
Other physical details إيضاحيات، صور، مثيليات ؛
336 ## - CONTENT TYPE
Source rda content
Content type term text
337 ## - MEDIA TYPE
Source rda media
Media type term Computer
338 ## - CARRIER TYPE
Source rda carrier
Carrier type term Online Resource
504 ## - BIBLIOGRAPHY, ETC. NOTE
Bibliography, etc. note يشتمل على ارجاعات ببليوجرافية.
546 ## - LANGUAGE NOTE
Language note النص باللغة العربية
650 14 - SUBJECT ADDED ENTRY--TOPICAL TERM
Topical term or geographic name entry element التشريع الخاص بالإرهاب.
Source of heading or term qrmak
650 14 - SUBJECT ADDED ENTRY--TOPICAL TERM
Topical term or geographic name entry element القانون الجنائي.
Source of heading or term qrmak
651 1# - SUBJECT ADDED ENTRY--GEOGRAPHIC NAME
Source of heading or term qrmak
856 40 - ELECTRONIC LOCATION AND ACCESS
Uniform Resource Identifier <a href="https://fll.law.cu.edu.eg/fulltext/bks/B10-06379.pdf">https://fll.law.cu.edu.eg/fulltext/bks/B10-06379.pdf</a>
905 ## - Cataloger and Reviser Names
Cataloger Name: Ramy
942 ## - ADDED ENTRY ELEMENTS (KOHA)
Source of classification or shelving scheme Dewey Decimal Classification
Koha item type Books
Edition 21
Suppress in OPAC No
Holdings
Withdrawn status Lost status Source of classification or shelving scheme Damaged status Not for loan Collection Home library Current library Date acquired Total checkouts Full call number Barcode Date last seen Copy number Price effective from Koha item type
    Dewey Decimal Classification   Not for loan القانون الجنائي جــــامعة القــاهرة مكتبة كلية الحقوق - المبنى الرئيسي 27.01.2026   Law1 10 343.431 ك م . ج 1 ed - 2012 1006379 C1 B10-06379 27.01.2026 1 27.01.2026 Books
    Dewey Decimal Classification     القانون الجنائي جــــامعة القــاهرة مكتبة كلية الحقوق - المبنى الرئيسي 11.02.2026   Law1 10 343.431 ك م . ج 1 ed - 2012 1006848 C2 B10-06848 11.02.2026 2 11.02.2026 Books

© All rights reserved — Faculty of Law, Cairo University